Türk Grup davranışı/ (Record no. 13821)

MARC details
000 -BAŞLIK
Sabit Uzunlukta Kontrol Alanı 00589nam a22002177a 4500
999 ## - SİSTEM KONTROL NUMARALARI (KOHA)
Koha Biblionumber 13821
Koha Biblioitemnumber 13821
003 - KONTROL NUMARASI IDENTIFIER
Denetim Alanı MIRAKIL
005 - SON İŞLEM TARİHİ VE ZAMANI
Denetim Alanı 20200313151330.0
008 - SABİT-BOY VERİ ELEMANLARI - GENEL BİLGİLER
Sabit Uzunlukta Kontrol Alanı 200313b tu ||||| |||| 00| 0 tur d
020 ## - ULUSLARARASI STANDART KİTAP NUMARASI
Uluslararası Standart Kitap Numarası 9944963038
040 ## - KATALOGLAMA KAYNAK
Orijinal Kataloglama Ajansı TR-AnCHP
Kataloglama Dili tur
Metne Dönüştürmek Ajansı TR-AnCHP
041 ## - DİL KODU
Metin / Ses Parça Veya Ayrı Başlığın Dil Kodu tur
082 ## - DEWEY ONLU SINIFLANDIRMA NUMARASI
Sınıflandırma Numarası 302.4
Ürün Numarası G74t 2006
100 ## - ANA GİRİŞ - KİŞİSEL İSİM
Kişisel Ad Göka, Erol
245 ## - BAŞLIK TABLOSU
Başlık Türk Grup davranışı/
Sorumluluk Tablosu, Vb Erol Göka.
250 ## - EDITION TABLOSU
Baskı Beyanı 3.bs.
260 ## - YAYIN, DAĞITIM, VB
Yayın, Dağıtım, Vb Yeri Ankara:
Yayıncı, Dağıtıcı, Vs Adı Aşina Kitaplar,
Yayın, Dağıtım, Vb Tarihi 2006
300 ## - FİZİKSEL TANIM
Kapsam 271 s.:
Boyutlar 21 sm.
650 #0 - KONU KATMA GİRİŞ - TOPİKAL DÖNEM
Topikal Süreli Veya Coğrafi Ad Giriş Elemanı Toplumsal etkileşim
9 (RLIN) 6318
Genel Alt Bölümü Türkiye
650 #0 - KONU KATMA GİRİŞ - TOPİKAL DÖNEM
Topikal Süreli Veya Coğrafi Ad Giriş Elemanı Grup davranışı
9 (RLIN) 6319
Genel Alt Bölümü Türkiye
942 ## - EKLENDİ GİRİŞ ELEMANLARI (KOHA)
Sınıflandırma Veya Raf Düzeni Kaynak Dewey Decimal Classification
Koha Öğesi Türü Books
Holdings
Kalıcı Konum Mevcut Konum Edinme Tarihi Toplam Check-Out'Lar Tam Çağrı Numarası Barkod Tarih Son Görülme İtibaren Geçerli Fiyatlar Koha Öğesi Türü
CHP Kütüphanesi CHP Kütüphanesi 03/13/2020   302.4 G74t 2006 017352 03/13/2020 03/13/2020 Books